Pre-intermediate matters: students' book

Gespeichert in:
Bibliographische Detailangaben
Hauptverfasser: Bell, Jan (VerfasserIn), Gower, Roger (VerfasserIn)
Format: Buch
Sprache:Englisch
Veröffentlicht: Essex Longman 1995
Schlagworte:
Tags: Tag hinzufügen
Keine Tags, Fügen Sie den ersten Tag hinzu!

MARC

LEADER 00000nam a2200000 a 4500
001 UCL1990
003 CL-VaPUC
008 030926e19950000uk |||||||||||||||||eng|d
020 |a 0582253357 
082 0 4 |a 428.07  |b BEL  |2 21 
100 0 |a Bell, Jan  |e author  |9 479020 
700 |a Gower, Roger  |e author  |9 611935 
245 1 0 |a Pre-intermediate matters: students' book 
300 |a 143 p 
942 |c BK 
945 |d 20030926 00:00:00  |a cmena 
260 |a Essex  |b Longman  |c 1995 
500 |a Complementario con cassettes 
650 0 |a Enseñanza del inglés  |9 367340 
650 0 |a Educación lingüística  |9 306506 
650 0 |a Métodos de enseñanza  |9 270413 
583 |a last modification  |c 20171121 12:00:50  |k Rodrigo Vera 
999 |c 305415  |d 305413 
952 |0 0  |1 0  |4 0  |6 428_070000000000000_BEL_1995  |7 0  |8 A  |9 369282  |a BIBEDU  |b BIBEDU  |d 2019-11-21  |i 3947815  |o 428.07 BEL 1995  |p 3947815  |r 2019-11-21  |w 2019-11-21  |y BK  |k LIT